| 000 | 00803cam a2200205 i 4500 | ||
|---|---|---|---|
| 005 | 20260120113358.0 | ||
| 008 | 250721s2000 le gr 000 0 ara d | ||
| 082 | 1 | 4 |
_a337 _bص ق ر |
| 100 | 1 |
_aأبو صقر، كامل _eمؤلف. |
|
| 245 | 1 | 2 |
_aالعولمة : _bالتجارية والإدارية والقانونية رؤية اسلامية جديدة / _cتأليف كامل أبو صقر. |
| 264 | 3 | 1 |
_aبيروت : _bدار الوسام، _c2000. |
| 300 | _a448 صفحة. | ||
| 490 | 0 |
_aسلسلة العولمة و الإستثمار ؛ _vرقم 1 . |
|
| 650 | 1 | 7 | _aالإقتصاد الدولي. |
| 650 | 1 | 7 | _aالتجارة الدولية. |
| 650 | 1 | 7 | _aالتدويل. |
| 830 | 0 | _aالعولمة والاستثمار. | |
| 942 |
_2ddc _cBK |
||
| 999 |
_c17903 _d17903 |
||